000 01821nam a2200265zi 4500
001 991026747720707026
003 UkOxU
007 ta
008 220622e202308uuxxka g |||||||0|0 eng|d
020 _a9781800812222
035 _a(UK-WkNB)9781800812222
035 _a(StEdALDL)1/4311885
040 _aUK-WkNB
_beng
_cUK-WkNB
_erda
_dUkOxU
041 _aeng
050 _aBF408
_b.F67 2022
100 _aForte, Tiago
_eauthor
_925965
245 1 0 _aBuilding a second brain
_b: a proven method to organise your digital life and unlock your creative potential
_c/ Tiago Forte.
260 _aLondon :
_bProfile Books Ltd,
_c2023.
300 _a272 pages :
_billustrations, tables, charts ;
_c20 cm
504 _aIncludes bibliographical references and index
520 _aDiscover the full potential of your ideas and make powerful, meaningful improvements in your work and life by Building a Second Brain. For the first time in history, we have instantaneous access to the world's knowledge. There has never been a better time to learn, to create and to improve ourselves. Yet, rather than being empowered by this information, we're often overwhelmed, paralysed by believing we'll never know or remember enough. This eye-opening and accessible guide shows how you can easily create your own personal system for knowledge management, otherwise known as a Second Brain. A trusted and organised digital repository of your most valued ideas, notes and creative work, a Second Brain gives you the confidence to tackle your most important projects and ambitious goals. From identifying good ideas, to organising your thoughts, to retrieving everything swiftly and easily, it puts you back in control of your life and information.
650 0 _aCreative ability
_97047
650 0 _aThought and thinking
_95951
942 _2lcc
999 _c4986
_d4986